00658 2200193 4500001002100000005001500021035002000036245013500056100002600191250002000217300005000237856002900287700005100316260004400367082001000411084001600421020001800437650000900455INLIS00000000114637920260130033502 a0010-01260004551 aMENINGKATKAN KREATIFITAS DENGAN SENI MENGGAMBAR /cPenulis ; Umi Azzam Irsya Putra, Layout ; Rizal Desain Cover ; Tim Slim Sanjaya0 aUmi Azzam Irsya Putra aCetakan Pertama a66 Halaman :bilustrasi ;c14 x 20 cmeKertas aLaunge Walikota Makassar0 aLayout ; Rizal Desain Cover ; Tim Slim Sanjaya aYogyakarta :bSalimSanjaya Media,c2025 a741.2 a741.2 UMI m a9786238782574 4aSeni